Buda /

Guardado en:
Autor Principal: Bussagli, Mario
Formato: Libro
Publicado: Buenos Aires : Centro Editor de América Latina, 1984
Series:Los hombres de la historia ; No. 19
Materias:
Etiquetas: Agregar Etiqueta
Sin Etiquetas, Sea el primero en etiquetar este registro!
LEADER 00529nam a22001935a 4500
001 CEM.cems008679
005 20060214000000.0
008 130507s1984##################000#0#####d
003 CEMS
082 0 4 |a 920 
100 1 |a Bussagli, Mario 
245 1 0 |a Buda / 
260 |a Buenos Aires :  |b Centro Editor de América Latina,  |c 1984 
300 |a 56 p. 
490 0 |a Los hombres de la historia ; No. 19 
653 |a Biografias 
653 |a Buda-biografia 
653 |a Budismo 
859 |a CEMS  |b BIB. CEMS - 11 de abril  |h 920  |i H751-19  |p 860.55  |t Ej.1